Espírito santo e espírito de filiacao: uma interpretacao Trinitária do Pai Nosso, à luz do De Trinitate e de outros escritos de Santo Agostinho
সংরক্ষণ করুন:
| প্রধান লেখক: | |
|---|---|
| বিন্যাস: | গ্রন্থ |
| ভাষা: | পর্তুগীজ |
| প্রকাশিত: |
Salamanca
Universidad Pontificia de Salamanca
2002
|
| বিষয়গুলি: | |
| ট্যাগগুলো: |
ট্যাগ যুক্ত করুন
কোনো ট্যাগ নেই, প্রথমজন হিসাবে ট্যাগ করুন!
|
MARC
| LEADER | 00000nam a2200000 a 4500 | ||
|---|---|---|---|
| 001 | UCL4307 | ||
| 003 | CL-VaPUC | ||
| 008 | 040109e20020000SP |||||||||||||||||por|d | ||
| 082 | 0 | 4 | |a 231.044 |b PER |2 21 |
| 100 | 0 | |a Pereira de Matos, Manuel Alberto |e author |9 481797 | |
| 245 | 1 | 0 | |a Espírito santo e espírito de filiacao: uma interpretacao Trinitária do Pai Nosso, à luz do De Trinitate e de outros escritos de Santo Agostinho |
| 300 | |a 128 p | ||
| 942 | |c BK | ||
| 945 | |d 20040109 00:00:00 |a cmena | ||
| 260 | |a Salamanca |b Universidad Pontificia de Salamanca |c 2002 | ||
| 500 | |a Extracto da tese de doutoramento em Teologia Dogmática | ||
| 600 | 0 | |a San Agustín de Hipona |x Teólogo y filósofo cristiano |9 311590 | |
| 650 | 7 | |a SANTISIMA TRINIDAD |2 CL-VaPUC |9 479104 | |
| 650 | 0 | |a Oración |9 313348 | |
| 583 | |a last modification |c 20040109 00:00:00 |k Rodrigo Vera | ||
| 999 | |c 307183 |d 307181 | ||
| 952 | |0 0 |1 0 |4 0 |6 231_044000000000000_PER_2002 |7 0 |8 A |9 372895 |a BIBTEO |b BIBTEO |d 2019-11-21 |i 3913716 |o 231.044 PER 2002 |p 3913716 |r 2025-01-17 |w 2019-11-21 |y BK |k ICR | ||